Berühmte Schuhmarken Bilderquiz - Statistiken

Allgemein
  • Dieses Quiz wurde 125 mal gespielt
  • Das Durchschnittsergebnis liegt bei 8 aus 12
Antwortstatistiken
Bildquiz Antwort % Korrekt
Adidas
100%
Puma
100%
Nike
98%
Fila
86%
Jordan
81%
Vans
77%
New Balance
74%
Asics
59%
Under Armour
50%
Converse
48%
Reebok
42%
Jako
26%
Keine übereinstimmenden Quizze gefunden
Verteilung der Resultate
Anzahl Personen mit jedem Resultat
Perzentil nach korrekt beantworteten Fragen
Ihre Resultats-Entwicklung
Sie haben dieses Quiz noch nicht gespielt